Savages and beasts : the birth of the modern zoo
Αποθηκεύτηκε σε:
| Κύριος συγγραφέας: | |
|---|---|
| Μορφή: | Βιβλίο |
| Γλώσσα: | English |
| Δημοσίευση: |
Baltimore, Md. :
Johns Hopkins University Press,
2002.
|
| Σειρά: | (Animals, history, culture)
|
| Θέματα: | |
| Ετικέτες: |
Προσθήκη ετικέτας
Δεν υπάρχουν, Καταχωρήστε ετικέτα πρώτοι!
|
MARC
| LEADER | 00000nam a2200000 a 4500 | ||
|---|---|---|---|
| 001 | 1/111497 | ||
| 008 | 160823s2002####mdu| ||| |001 |deng|| | ||
| 020 | |a 9780801889752 | ||
| 040 | |a GR-MyUa |b gre |c GR-MyUa |e AACR2 | ||
| 041 | 0 | |a eng | |
| 082 | 7 | |a 590.73 |2 (23) | |
| 100 | 1 | |a Rothfels, Nigel. | |
| 245 | 1 | 0 | |a Savages and beasts : |b the birth of the modern zoo / |c Nigel Rothfels. |
| 260 | |a Baltimore, Md. : |b Johns Hopkins University Press, |c 2002. | ||
| 300 | |a xii, 268 σ. ; |c 24 εκ. | ||
| 490 | 0 | |a (Animals, history, culture) | |
| 504 | |a Περιλαμβάνει βιβλιογραφία και ευρετήριο. | ||
| 505 | 8 | |a Introduction: Entering the Gates -- Chapter 1: Gardens of History -- Chapter 2: Catching Animals -- Chapter 3: "Fabulous Animals": Showing People -- Chapter 4: Paradise -- Conclusion: When Animals Speak. | |
| 650 | 0 | |a Zoos |x History. | |
| 650 | 0 | |a Wild animal trade. | |
| 852 | |a INST |b LESVOS |c BK |e 20160823 |h 590.73 ROT |p 005100058449 |q 005100058449 |t BK |y 0 | ||
| 922 | |a 1ΕΛΗ |b 2016-06 |c ΤΠ |d Δρες | ||
| 970 | |a Τζαφέρη |b Ευαγγελία |z 23-08-2016 | ||